000 00471nam a2200157 a 4500
001 000043051
005 20201002040612.0
008 140218s2001 xxua 001 0 spa d
020 _a1580083536
040 _aDO-SdBNP
_bspa
_cBNPHU
082 _axxx
_bxxx
100 1 _aKnorr, Rosanne
_970575
245 1 0 _aThe grown-up's guide to retiring abroad /
_cRosanne Knorr.
260 _aBerkeley, Toronto :
_bTen Speed Press,
_c2001.
300 _ax, 341 p. :
_bil., mapas ;
_c23 cm.
999 _c42540
_d42540